| 000 | 00698cam a22002052 4500 | ||
|---|---|---|---|
| 001 | 0000008643 | ||
| 005 | 20151217152038.0 | ||
| 008 | 080508s xx 000 0 eng d | ||
| 020 |
_a0830817530 : _cKES 1600 |
||
| 040 |
_aKABU _cKABU |
||
| 100 | 1 |
_aWilkens, Steve. _@0000159301 |
|
| 245 | 1 | 0 |
_aChristianity & western thought vol. 2 : _ba history of philosophers, ideas & movements / _cSteve Wilkens, Alan G. Padgett. |
| 260 |
_aDowners Grove, IL. : _bIVP, _c2000. |
||
| 300 | _a436 p. | ||
| 650 | 0 |
_aChristianity _xPhilosophy. _@0000157001 |
|
| 650 | 0 |
_aFaith and reason _xHistory of doctrines. _@0000159300 |
|
| 908 | _a080508 | ||
| 950 | _@1 | ||
| 999 |
_c7667 _d7667 |
||